British Universities by Clue - Statistics

General Stats
  • This quiz has been taken 171 times
  • The average score is 9 of 15
Answer Stats
Hint University % Correct
Former students include fourteen British prime ministers Cambridge
100%
Second oldest university in the world in continuous operation (oldest in English-speaking world) Oxford
100%
Scottish university making frequent appearances in the top three in UK rankings St Andrews
89%
British Prime Minister Gordon Brown was educated here Edinburgh
83%
Largest academic institution in the UK, where students tend to study off-campus The Open University
66%
Home to the Shakespeare Institute and the Cadbury Research Library Birmingham
64%
University with a history of sporting success, with graduates including Paula Radcliffe and Seb Coe Loughborough
63%
Leading university based in Norwich (according to national rankings) East Anglia
58%
Has campuses in Canterbury, Medway and Tonbridge Kent
55%
'Russell Group' university in Northern Ireland Queen's University Belfast
52%
Science-focused university primarily located in South Kensington Imperial College London
48%
Opened the 'Alan Turing Building' in 2007 Manchester
48%
Has a coat of arms featuring an angel and a dragon Cardiff
46%
Scottish university with grounds containing Airthrey castle and loch Stirling
26%
The only English university located in a National Park Sussex
20%
No matching quizzes found
Score Distribution
Percent of People with Each Score
Percentile by Number Answered
Your Score History
You have not taken this quiz